Dictionary of race and ethnic relations

Αποθηκεύτηκε σε:
Λεπτομέρειες βιβλιογραφικής εγγραφής
Κύριος συγγραφέας: Cashmore, Ernest
Άλλοι συγγραφείς: Banton, Michael P., Adam, Heribert
Μορφή: Βιβλίο
Γλώσσα:English
Δημοσίευση: London : Routledge, c1996
Έκδοση:4th ed.
Θέματα:
Ετικέτες: Προσθήκη ετικέτας
Δεν υπάρχουν, Καταχωρήστε ετικέτα πρώτοι!

MARC

LEADER 00000nam a2200000 i 4500
001 1/82178
008 990521s1996 eng d
020 |a 0-415-13822-1 
035 |l 10051033 
040 |a GR-MY-UA  |b gre  |e aacr 
041 0 |a eng 
082 0 |a 305.8003 
100 1 |a Cashmore, Ernest. 
245 1 0 |a Dictionary of race and ethnic relations /  |c Ellis Cashmore with Michael Banton ... et. al. ; and specialist contributions from Heribert Adam ... et. al. 
250 |a 4th ed. 
260 |a London :   |b Routledge,   |c c1996 
300 |a xx, 412 σ.;  |c 23 εκ. 
504 |a Περιέχει βιβλιογραφικές παραπομπές και ευρετήριο 
650 0 0 |a Race relations  |x Dictionaries. 
650 0 0 |a Ethnic relations  |x Dictionaries. 
700 1 |a Banton, Michael P. 
700 1 |a Adam, Heribert. 
852 |a INST  |b LESVOS  |e 19990521  |h 305.8003 CAS  |p 005100016186  |q 005100016186  |t REF  |y 23 
901 |a BIBL1-1999-2 
909 |a Λ  |b 062169 
922 |a 1ΕΛΗ  |b 199812  |c ΚΠΣ/ΚΥΒ  |d LEADER 
950 |a 023-1998-09-14